Integrated electronic systems.

Bibliographic Details
Corporate Author: Westinghouse Electric Corporation. Aerospace Division. Science and Technology
Format: Book
Language:English
Published: Englewood Cliffs, N.J. : Prentice-Hall, [1970]
Series:Prentice-Hall electrical engineering series.
Solid state physical electronics series.
Subjects:

MARC

Tag First Indicator Second Indicator Subfields
LEADER 00000cam a2200000 4500
001 in00000093092
005 20150925085203.0
008 700429s1970 njua b 00100 eng
010 |a  72095758  
020 |a 0134690567  |c 16.95 
035 |a (OCoLC)00067875 
035 |9 AAL1667AM 
040 |a DLC  |c DLC  |d TXA  |d UtOrBLW 
049 |a TXAM  |c [641028] 
050 0 0 |a TK7874  |b .W47 
082 0 |a 621.3817/3 
110 2 |a Westinghouse Electric Corporation.  |b Aerospace Division.  |b Science and Technology. 
245 1 0 |a Integrated electronic systems. 
264 1 |a Englewood Cliffs, N.J. :  |b Prentice-Hall,  |c [1970] 
300 |a xvi, 472 pages :  |b illustrations ;  |c 25 cm. 
336 |a text  |b txt  |2 rdacontent 
337 |a unmediated  |b n  |2 rdamedia 
338 |a volume  |b nc  |2 rdacarrier 
490 1 |a Prentice-Hall electrical engineering series 
490 1 |a Solid state physical electronics series 
504 |a Includes bibliographies. 
650 0 |a Integrated circuits. 
830 0 |a Prentice-Hall electrical engineering series. 
830 0 |a Solid state physical electronics series. 
999 |a MARS 
999 f f |s 94497e07-69fe-39e7-8955-b323e29eb386  |i 05706f22-3d47-376e-a7b2-8079970ee164  |t 0 
952 f f |p ric  |a Texas A&M University  |b Rellis Campus  |c Joint Library Facility  |d Remote Storage  |t 0  |e TK7874 .W47  |h Library of Congress classification  |i unmediated -- volume  |m A14805508301 
998 f f |a TK7874 .W47  |t 0  |l Remote Storage